000 00449nam a22001697a 4500
003 CEME
005 20210628204133.0
008 210106b xxu||||| |||| 00| 0 eng d
020 _a9780849329496
040 _cceme
082 _a610.28 NAN
100 _aDinh, Tuan Vo
_968889
245 _aNanotechnology in biology and medicine, methods, devices, and applications
260 _aNEW YORK
_bCRC PRESS
_c2007
300 _aPDF
942 _cBK
_2ddc
999 _c576348
_d576348